Public policy for dangerous inventions (Record no. 7314)

000 -LEADER
fixed length control field 00322pab a2200133 454500
008 - FIXED-LENGTH DATA ELEMENTS--GENERAL INFORMATION
fixed length control field 180718b1987 xxu||||| |||| 00| 0 eng d
100 ## - MAIN ENTRY--PERSONAL NAME
Personal name Grafton, Carl
245 ## - TITLE STATEMENT
Title Public policy for dangerous inventions
260 ## - PUBLICATION, DISTRIBUTION, ETC.
Date of publication, distribution, etc. 1987
300 ## - PHYSICAL DESCRIPTION
Extent 207-34
650 ## - SUBJECT ADDED ENTRY--TOPICAL TERM
Topical term or geographic name entry element Disasters - U.S.A.
773 ## - HOST ITEM ENTRY
Main entry heading Policy Sciences
909 ## -
-- 7314
Holdings
Withdrawn status Lost status Damaged status Not for loan Permanent Location Current Location Date acquired Serial Enumeration / chronology Barcode Date last seen Price effective from Koha item type
        Indian Institute of Public Administration Indian Institute of Public Administration 2018-07-19 Volume no: 20, Issue no: 3 AR7324 2018-07-19 2018-07-19 Articles

Powered by Koha